Dates - La naissance de l'Italie et de l'Allemagne - Statistiques

Statistiques générales
  • Ce quiz a été pris 20 fois
  • Le résultat moyen est 7 sur 34
Statistiques - réponses
Evènement Précision Date % Correct
Victor-Emmanuel II devient roi du Piémont-Sardaigne Année 1849
63%
Bismarck est nommé Ministre des Affaires étrangères en Prusse Année 1862
44%
Unification allemande Années 1864-1871
44%
Rome devient capitale italienne à la place de Florence après la prise de possession italienne des Etats Papaux Année 1870
44%
Guerre de Crimée Années 1853-1856
38%
Unification italienne Années 1859-1870
38%
Guerre austro-prussienne Année 1866
38%
Guerre des duchés Année 1864
31%
Guillaume II devient Empereur de Prusse Année 1888
25%
Bismarck quitte le pouvoir en Allemagne Année 1890
25%
Promulgation par Charles-Albert du Statuto Fondamentale Jour, mois et année 4 mars 1848
25%
Exposition universelle de Paris, présentation du canon Krupp "Trochu" Année 1867
19%
Guerre franco-prussienne Année 1870-1871
19%
Départ de l'Expédition des 1000 Mois et année Mai 1860
19%
Traité de Villafranca, retrait français Jour, mois et année 11 juillet 1859
13%
Couronnement de Victor-Emmanuel II roi d'Italie Jour, mois et année 14 mars 1861
13%
Instauration des tarifs douaniers "Bismarck" Année 1879
13%
Création de l'Association coloniale allemande, qui deviendra laSociété coloniale Année 1882
13%
Création de la Ligue pangermaniste Année 1891
13%
Première utilisation de l'expression "une place au Soleil" par von Bülow Année 1897
13%
Entrevue de Plombières entre Cavour et Napoléon III Jour, mois et année 21 juillet 1858
13%
Traité franco-piémontais pour une intervention française et Lombardie et en Vénétie Jour, mois et année 28 janvier 1859
13%
Défaite française à Sedan Jour, mois et année 2 septembre 1870
13%
Rencontre des troupes de Garibaldi et Victor-Emmanuel II à Naples Mois et année Octobre 1860
13%
Création du Comité international de secours aux militaires blessés Année 1863
6%
Première Convention de Genève Année 1864
6%
Création du Comité international de la Croix Rouge par Henry Dunant Année 1876
6%
Victoire piémontaise à Castelfidardo contre les troupes du Pape Jour, mois et année 18 septembre 1860
6%
Victoire franco-piémontaise à Montebello Jour, mois et année 20 mai 1859
6%
Victoire franco-piémontaise à Solferino Jour, mois et année 24 juin 1859
6%
Discours de Bismarck "du fer et du sang" Jour, mois et année 30 septembre 1862
6%
Défaite autrichienne sévère à Sadowa Jour, mois et année 3 juillet 1866
6%
Début de la guerre entre l'Autriche et l'Italie et la France Jour, mois et année 3 mai 1859
6%
Victoire franco-piémontaise à Magenta Jour, mois et année 4 juin 1859
6%
Aucun quiz correspondant
Distribution des résultats
% des personnes avec chaque résultat
Percentile par nombre de réponses
Votre historique - résultats
Vous n’avez pas pris ce quiz